000 00928nam a2200229 i 4500
003 IT-RoINE
005 20230613092211.0
008 960922s1942 sp r | spa d
040 _aSpMaBN
_cCDM IT-RoINE
_dIT-RoINE
100 1 _aRodríguez, Alonso,
_cS.I.,
_d1538-1612
_967671
245 1 0 _aCompendio del Ejercicio de perfección y virtudes cristianas /
_centresacado de la obra escrita con este nombre por el P. Alonso Rodríguez de la Compañía de Jesús y dispiuesto para facilitar a toda suerte de personas su aprovechamento espiritual.
246 3 4 _aEjercicio de perfección y virtudes cristianas
250 _a4ª ed.
260 _aMadrid :
_bApostolado de la Prensa,
_c1942.
300 _a396 p. ;
_c15 cm.
336 _2rdacontent
_atext
337 _2rdamedia
_aunmediated
338 _2rdacarrier
_avolume
650 4 _921154
_aPerfección cristiana
650 4 _94218
_aLiteratura de devoción
942 _cMTS
999 _c34638
_d34638